000 nam a22 a 4500
999 _c2269
_d2269
005 20170515170014.0
008 170515b my ||||| |||| 00| 0 eng d
040 _aAKMAL
082 _a382.7109595 ASE
090 _a382.7109595
_bASE
245 _aAsean Free Trade Agreements /
260 _aMalaysia
_bAttorney General's Chamber
_c2006
300 _a100ms.
_ccm
942 _2ddc
_cBOOK